Central Library OPAC University of Rajshahi

Colloquium on Islamic Culture in its Relation to the Contemporary World, September, 1953 / (Record no. 32876)

MARC details
000 -LEADER
fixed length control field 01052nam a2200229 a 4500
001 - CONTROL NUMBER
control field 32876
003 - CONTROL NUMBER IDENTIFIER
rucl marc code BD-RjUL
005 - DATE AND TIME OF LATEST TRANSACTION
control field 20211209051917.0
008 - FIXED-LENGTH DATA ELEMENTS--GENERAL INFORMATION
fixed length control field 181008s1953 nju 100 0 eng d
035 ## - SYSTEM CONTROL NUMBER
System control number (BD-RjUL)32966
040 ## - CATALOGING SOURCE
Original cataloging agency DLC
Transcribing agency OAU
Modifying agency DLC
-- BD-RjUL
Language of cataloging eng
041 ## - LANGUAGE CODE
Language code of text/sound track or separate title eng
082 04 - DEWEY DECIMAL CLASSIFICATION NUMBER
Classification number 953
Author mark and year COC 1953
Edition number 23
111 2# - MAIN ENTRY--MEETING NAME
Meeting name or jurisdiction name as entry element Colloquium on Islamic Culture in its Relation to the Contemporary World,
Date of meeting (1953:
Location of meeting Princeton, N.J., and Washington, D.C.)
9 (RLIN) 223370
245 10 - TITLE STATEMENT
Title Colloquium on Islamic Culture in its Relation to the Contemporary World, September, 1953 /
Statement of responsibility, etc. Colloquium on Islamic Culture in its Relation to the Contemporary World, Princeton, N.J., and Washington, D.C., 1953
260 ## - PUBLICATION, DISTRIBUTION, ETC. (IMPRINT)
Place of publication, distribution, etc. Princeton :
Name of publisher, distributor, etc. Printigon University Press,
Date of publication, distribution, etc. 1953.
300 ## - PHYSICAL DESCRIPTION
Pagination 127 p. :
Illustrations ill. ;
Size 28 cm.
500 ## - GENERAL NOTE
General note "Contains the program of the Colloquium, summaries of the introductory addresses, and a list of the scholars who took part in the conference."
650 #0 - SUBJECT ADDED ENTRY--TOPICAL TERM
Topical term or geographic name as entry element Islamic civilization
Form subdivision Congresses.
9 (RLIN) 99910
942 ## - ADDED ENTRY ELEMENTS (KOHA)
Source of classification or shelving scheme Dewey Decimal Classification
Koha item type Rare Books
Holdings
Lost status Source of classification or shelving scheme Damaged status Not for loan Collection code Permanent Location Current Location Shelving location Date acquired Total Checkouts Full call number Date last seen Copy number Koha item type
  Dewey Decimal Classification   Not For Loan Rare Books Central Library, University of Rajshahi Central Library, University of Rajshahi Rare Book Section 08/10/2018   RA 953 COC 1953 08/10/2018 C-1 Rare Books
  Dewey Decimal Classification   Not For Loan Rare Books Central Library, University of Rajshahi Central Library, University of Rajshahi Rare Book Section 08/10/2018   RA 953 COC 1953 08/10/2018 C-2 Rare Books